000 00286nam a22001217a 4500
999 _c12904
_d12904
082 _a658.4
100 _aKazi, Fazul Suleiman
245 _aBanks and Executive Leadership
250 _a1st edition
260 _aPakistan
_bRoyal Book Company
_c2018
300 _a143 pages.
942 _cBK